| 000 | 00461nam a2200169 4500 | ||
|---|---|---|---|
| 001 | 145300 | ||
| 003 | ES-MaACL | ||
| 005 | 20230906201214.0 | ||
| 007 | t| | ||
| 008 | 070214s1961 sp r ||||1| spa d | ||
| 100 | 1 |
_aSpangler, W. M. _9107637 |
|
| 245 | 1 | 0 |
_aElementos de algebra / _cW. M. Spangler. |
| 250 | _a1ยช. ed. | ||
| 260 |
_aMadrid : _bEscuelas Internacionales, _c1961. |
||
| 300 |
_a1 v. : _bil. ; _c19 cm. |
||
| 852 |
_aES-MaACL _jC-19870 _bR.47749 |
||
| 999 |
_c145300 _d145300 |
||